000 00611nam a2200205 a 4500
005 20240925064853.0
008 991125s1975 es 000 0 spa u
020 _a8425404665
035 _aUPN01000003911
049 _aCG
050 4 _aLB1065
_bC6.28 1975
100 1 _aCorrell, Werner
245 1 3 _aEl aprender :
_bfundamentos psicológicos y problemática /
_cWerner Correll ; tr. Alejandro Esteban Laton Ros.
250 _a2a ed.
260 _aBarcelona, Esp. :
_bHerder,
_c1975.
300 _a310 p.
650 4 _aPsicología del aprendizaje
_95221
650 4 _aPsicopedagogía
_95085
905 _aLibro
999 _c3911
_d3911